000
00281nam a22001217a 4500
003
SGT
082
_a
618.1
_b
G08S
100
_a
STOVALL, THOMAS G.
245
_a
GYNECOLOGY FOR THE PRIMARY CARE PHYSICIAN
260
_a
NEW YORK
_b
SPRINGER
_c
2008
300
_a
424
942
_2
ddc
_c
BK
999
_c
14772
_d
14772